[Event "TCh-CZE Div1 Vychod 2012-13"]
[Site "Czech Republic CZE"]
[Date "2013.02.24"]
[Round "8.5"]
[White "Sobek,J"]
[Black "Blahynka,M"]
[Result "1-0"]
[WhiteElo "2283"]
[BlackElo "2153"]

1.d4 Nf6 2.c4 e6 3.Nc3 Bb4 4.Nf3 c5 5.g3 cxd4 6.Nxd4 Ne4 7.Qd3 Bxc3+ 8.bxc3 Nc5
9.Qe3 b6 10.Bg2 Bb7 11.Bxb7 Nxb7 12.Qe4 Nc6 13.Ba3 Rc8 14.Rd1 Nca5 15.O-O Nc5
16.Qg4 O-O 17.Nb3 Nab7 18.Rd4 d6 19.Rfd1 Qd7 20.Qh5 f5 21.Bxc5 bxc5 22.Rh4 g6
23.Qg5 Rc6 24.e4 Qf7 25.Qd2 a5 26.exf5 gxf5 27.Rh6 a4 28.Nc1 Re8 29.Nd3 Rb6
30.Qg5+ Qg7 31.Qh5 Re7 32.Nf4 Nd8 33.Qh4 Kf8 34.Rf6+ Ke8 35.Re1 Kd7 36.Rh6 Qf7
37.Nh5 Kc8 38.Nf6 Rbb7 39.Rxh7 Qf8 40.Rh8 Qf7 41.Rg8 Rb8 42.Qh8 Kc7 43.Rf8 Nc6
44.Rxf7 Rxh8 45.Rxe7+ Nxe7 46.Rxe6 Nc6 47.Ne8+ Kb8 48.Nxd6 f4 49.Kg2 Rf8
50.g4 Na5 51.Ne4 Rc8 52.Ra6 Nxc4 53.Rxa4 Ne5 54.g5 c4 55.Ra5 Nd3 56.h4 Re8
57.Kf3  1-0

[Event "79th ch-BRA 2013"]
[Site "Montenegro BRA"]
[Date "2013.02.25"]
[Round "1.1"]
[White "Menna Barreto,F"]
[Black "Macedo,MIa"]
[Result "1/2-1/2"]
[WhiteElo "2285"]
[BlackElo "2408"]

1.d4 Nf6 2.c4 e6 3.Nc3 Bb4 4.Nf3 b6 5.Bd2 Bb7 6.e3 O-O 7.Bd3 d5 8.cxd5 exd5
9.O-O Nbd7 10.Rc1 Be7 11.Ne5 c5 12.Qe2 Bd6 13.f4 Ne4 14.Nxe4  1/2-1/2

[Event "5th Batavia GM 2013"]
[Site "Amsterdam NED"]
[Date "2013.03.02"]
[Round "3.1"]
[White "Greenfeld,A"]
[Black "Hertneck,G"]
[Result "1-0"]
[WhiteElo "2540"]
[BlackElo "2520"]

1.d4 Nf6 2.Nf3 e6 3.c4 Bb4+ 4.Nc3 b6 5.Bg5 Bb7 6.Nd2 h6 7.Bh4 c5 8.d5 Bxc3
9.bxc3 exd5 10.cxd5 g5 11.Bg3 Bxd5 12.h4 g4 13.e4 Qe7 14.Bd3 Nc6 15.O-O Be6
16.Nc4 Nh5 17.Bd6 Qxh4 18.g3 Qf6 19.e5 Qf3 20.Qxf3 gxf3 21.Ne3 f6 22.Bg6+ Bf7
23.Bxh5 Bxh5 24.Nd5 Kf7 25.Nxf6 Bg6 26.Rad1 Bf5 27.Rfe1 h5 28.Re3 Bg4 29.Re4 Be6
30.Rf4 Kg6 31.Rxf3 Rh6 32.Nxd7 Bg4 33.Rf6+ Kg7 34.f3 Bxd7 35.Bf8+ Rxf8 36.Rxd7+ Kg8
37.Rxh6 Nxe5 38.Rxa7 Rxf3 39.Rxb6 Rxg3+ 40.Kh2 Rg7 41.Rxg7+ Kxg7 42.a4  1-0

[Event "TCh-SVK Extraliga 2012-13"]
[Site "Slovakia SVK"]
[Date "2013.03.02"]
[Round "10.3"]
[White "Michalik,P"]
[Black "Plachetka,J"]
[Result "1-0"]
[WhiteElo "2508"]
[BlackElo "2355"]

1.d4 Nf6 2.c4 e6 3.Nc3 Bb4 4.Nf3 d5 5.cxd5 exd5 6.Bg5 Nbd7 7.e3 c5 8.dxc5 Qa5
9.Rc1 Qxa2 10.Bxf6 Nxf6 11.Bb5+ Ke7 12.Qd4 Bxc3+ 13.Qxc3 d4 14.Nxd4 Ne4 15.Qb4 a5
16.Nc6+ bxc6 17.Qxe4+ Be6 18.Bxc6 Qxb2 19.O-O Ra7 20.Bd5 Qf6 21.c6 Rc7 22.Rc5 Ra8
23.Rxa5 Rxa5 24.Qb4+ Ke8 25.Qxa5 Qe5 26.e4 Ke7 27.Qb4+ Qd6 28.Qb6  1-0

[Event "20th Bunratty Masters"]
[Site "Bunratty IRL"]
[Date "2013.03.03"]
[Round "6.10"]
[White "Courtney,John"]
[Black "Cooper,L"]
[Result "0-1"]
[WhiteElo "2005"]
[BlackElo "2317"]

1.d4 Nf6 2.c4 e6 3.Nc3 Bb4 4.Nf3 c5 5.e3 O-O 6.Bd3 d5 7.O-O cxd4 8.exd4 dxc4
9.Bxc4 Nc6 10.Qd3 Be7 11.Rd1 Nb4 12.Qe2 b6 13.Ne5 Bb7 14.Nxf7 Rxf7 15.Bxe6 Nbd5
16.Nxd5 Bxd5 17.Bxf7+ Kxf7 18.Bf4 Rc8 19.f3 Qd7 20.Be5 Rc6 21.a3 Qc8 22.Qe3 Rc2
23.Rac1 Qf5 24.Rxc2 Qxc2 25.Qd2 Qg6 26.Qd3 Qxd3 27.Rxd3 Bb7 28.Kf2 Nd5 29.f4 Bc8
30.h3 Bf5 31.Rd1 h5 32.Kf3 h4 33.Rc1 g6 34.Rc6 Ke8 35.Rc4 Kd7 36.Rc1 a5 37.g4 hxg3
38.Kxg3 Bd3 39.Rd1 Bf5 40.Rh1 Be4 41.Re1 Bd3 42.Rd1 Be2 43.Re1 Bh5 44.Bg7 Bd6
45.Be5 Ne7 46.Rc1 Ke6 47.Rc2 Kd5 48.Rc3 Nf5+ 49.Kf2 Nxd4 50.Bxd4 Kxd4 51.Rc6 Kd5
52.Rc8 Bxf4 53.b4 axb4 54.axb4 Bd6 55.b5 Bc5+  0-1

[Event "TCh-SVK Extraliga 2012-13"]
[Site "Slovakia SVK"]
[Date "2013.03.03"]
[Round "11.4"]
[White "Michalik,P"]
[Black "Debnar,L"]
[Result "1-0"]
[WhiteElo "2508"]
[BlackElo "2291"]

1.d4 Nf6 2.c4 e6 3.Nc3 Bb4 4.Nf3 c5 5.g3 Ne4 6.Qc2 Qa5 7.Bg2 Nxc3 8.O-O cxd4
9.Nxd4 Nc6 10.bxc3 Nxd4 11.cxd4 O-O 12.Rb1 d5 13.Qb3 Bc3 14.Be3 e5 15.dxe5 dxc4
16.Qxc4 Bxe5 17.Rb5 Qa6 18.Rfb1 Rb8 19.Qb4 Bd6 20.Qd4 Re8 21.Bd5 Be5 22.Bxf7+  1-0

[Event "3rd Ferdynand Dziedzica Mem"]
[Site "Trzcianka POL"]
[Date "2013.03.03"]
[Round "9.6"]
[White "Chojnacki,K"]
[Black "Jaracz,P"]
[Result "0-1"]
[WhiteElo "2442"]
[BlackElo "2548"]

1.d4 Nf6 2.c4 e6 3.Nc3 Bb4 4.Nf3 b6 5.Bg5 h6 6.Bh4 Bb7 7.e3 Bxc3+ 8.bxc3 d6
9.Bd3 Nbd7 10.Qc2 Qe7 11.a4 a5 12.e4 g5 13.Bg3 Nh5 14.O-O Nf4 15.Nd2 h5 16.f3 O-O-O
17.Rab1 Rdg8 18.h3 e5 19.c5 dxc5 20.d5 g4 21.Bxf4 exf4 22.Nc4 gxh3 23.Rf2 hxg2
24.d6 Qe6 25.dxc7 h4 26.Rxg2 h3 27.Rxg8+ Rxg8+ 28.Kh1 Rg2 29.Qb3 Qg6 30.Nxb6+ Nxb6
31.Qxb6 Rh2+  0-1

[Event "29th ChessOrg Open"]
[Site "Bad Woerishofen GER"]
[Date "2013.03.06"]
[Round "6.46"]
[White "Scharrer,U"]
[Black "Koch,Till"]
[Result "1-0"]
[WhiteElo "2039"]
[BlackElo "1869"]

1.d4 Nf6 2.c4 e6 3.Nc3 Bb4 4.Nf3 Bxc3+ 5.bxc3 b6 6.Bg5 Ba6 7.e3 Nc6 8.Bd3 Na5
9.Qe2 Qe7 10.O-O O-O 11.e4 h6 12.Bh4 Qa3 13.Bxf6 gxf6 14.Rac1 Qa4 15.Nd2 Kh7
16.Rc2 Rg8 17.f4 Rg7 18.f5 e5 19.dxe5 fxe5 20.Nf3 d6 21.f6 Rg6 22.Nh4 Rg5
23.Nf5 Bc8 24.h4 Rxf5 25.exf5 Ba6 26.Qh5 Bxc4 27.g4 Rh8 28.g5 Kg8 29.Bxc4 Qxc4
30.g6 Qe4 31.Re2 Qd3 32.gxf7+ Kf8 33.Qg6  1-0

[Event "TCh-CAT Div Hon 2013"]
[Site "Catalonia ESP"]
[Date "2013.03.09"]
[Round "8.1"]
[White "Ipatov,Alexander"]
[Black "Beltran Rueda,S"]
[Result "1-0"]
[WhiteElo "2587"]
[BlackElo "2420"]

1.d4 Nf6 2.c4 e6 3.Nf3 Bb4+ 4.Nc3 b6 5.e3 Bb7 6.Bd3 Ne4 7.O-O Bxc3 8.bxc3 f5
9.Ne1 d6 10.f3 Nf6 11.Nc2 Qe7 12.Qe2 Nbd7 13.e4 fxe4 14.fxe4 O-O-O 15.a4 a5
16.Ba3 e5 17.Ne3 g6 18.c5 Nxe4 19.Bxe4 Bxe4 20.cxd6 Qe6 21.dxc7 Kxc7 22.Nc4 Bd5
23.Nd6 exd4 24.Qxe6 Bxe6 25.cxd4 Nb8 26.Rac1+ Nc6 27.Nf7 Bxf7 28.Rxf7+ Rd7
29.Rf6  1-0

[Event "TCh-CAT Div Hon 2013"]
[Site "Catalonia ESP"]
[Date "2013.03.09"]
[Round "8.2"]
[White "Simonet,M"]
[Black "Lopez Martinez,Josep"]
[Result "0-1"]
[WhiteElo "2246"]
[BlackElo "2499"]

1.d4 Nf6 2.c4 e6 3.Nc3 Bb4 4.Nf3 b6 5.g3 Bb7 6.Bg2 Bxc3+ 7.bxc3 O-O 8.a4 Be4
9.O-O Nc6 10.Nh4 Na5 11.f3 Bb7 12.e4 Ne8 13.f4 f5 14.exf5 Bxg2 15.Kxg2 exf5
16.c5 d6 17.cxd6 cxd6 18.Qd3 Qd7 19.Ba3 Rc8 20.Bb4 Nc4 21.a5 bxa5 22.Bxa5 Nf6
23.Kg1 Ne4 24.Bb4 Rfe8 25.Ra6 g6 26.Rfa1 Rc7 27.d5 Ncd2 28.R1a2 Nb3 29.Qd1 Nec5
30.R6a3 Qb5 31.Nf3 Re3 32.Rxa7 Rxa7 33.Rxa7 Qb6 34.Ra8+ Kg7 35.Nd4 Kh6 36.Ra2 Rd3
37.Qf1 Nxd4 38.Bxc5 Nf3+ 39.Kg2 Qxc5  0-1

[Event "FIDE Women's World Teams"]
[Site "Astana KAZ"]
[Date "2013.03.10"]
[Round "7.3"]
[White "Tan Zhongyi"]
[Black "Saduakassova,D"]
[Result "1-0"]
[WhiteElo "2471"]
[BlackElo "2353"]

1.d4 Nf6 2.c4 e6 3.Nc3 Bb4 4.Nf3 b6 5.Bg5 Bb7 6.e3 h6 7.Bh4 O-O 8.Bd3 Be7
9.Qe2 d6 10.O-O-O c5 11.Rhg1 cxd4 12.exd4 d5 13.g4 Ne4 14.Bxe7 Nxc3 15.bxc3 Qxe7
16.g5 h5 17.g6 fxg6 18.Ne5 dxc4 19.Bxg6 Qa3+ 20.Kb1 Qxc3 21.Bh7+  1-0

[Event "Karpos Open 2013"]
[Site "Skopje MKD"]
[Date "2013.03.10"]
[Round "3.72"]
[White "Angjelovski,Daniel"]
[Black "Koksal,E"]
[Result "0-1"]
[WhiteElo "1934"]
[BlackElo "2220"]

1.d4 Nf6 2.c4 e6 3.Nc3 Bb4 4.Nf3 O-O 5.Bg5 h6 6.Bh4 d6 7.e3 Qe7 8.a3 Bxc3+
9.bxc3 e5 10.Be2 Nc6 11.Qc2 b6 12.d5 Na5 13.O-O Ba6 14.Nd2 g5 15.Bg3 Rae8
16.e4 c6 17.Rfe1 cxd5 18.cxd5 Bxe2 19.Rxe2 Rc8 20.Qd3 Rc5 21.h4 Rfc8 22.Rc1 Nh5
23.hxg5 hxg5 24.Qf3 Ng7 25.Re3 Nc4 26.Nxc4 Rxc4 27.Rd3 Ra4 28.Qe2 Rxa3 29.f3 Qb7
30.Qb2 Qa6 31.Rd2 Qa5 32.c4 Nh5 33.Bf2 Nf4 34.Qc2 Qa4 35.g3 Qxc2 36.Rdxc2 Nd3
37.Rc3 Rxc3 38.Rxc3 Nb2 39.Ra3 Rc7 40.Ra2 Nxc4 41.Kf1 a5 42.Ke2 b5 43.Kd3 b4
44.Be1 b3 45.Ra1 b2 46.Rb1 a4 47.Bb4 a3 48.Bxa3 Nxa3 49.Rxb2 Rc5 50.Rb6 Nb5
51.Rc6 Rxc6 52.dxc6 Kf8  0-1

[Event "83rd ch-URU 2013"]
[Site "Montevideo URU"]
[Date "2013.03.11"]
[Round "1.4"]
[White "Roselli Mailhe,B"]
[Black "Ulaneo,N"]
[Result "1-0"]
[WhiteElo "2443"]
[BlackElo "2156"]

1.d4 Nf6 2.c4 e6 3.Nc3 Bb4 4.Nf3 c5 5.g3 Bxc3+ 6.bxc3 Qa5 7.Bd2 b6 8.Bg2 Bb7
9.O-O O-O 10.d5 Qa6 11.Bg5 Qxc4 12.Bxf6 gxf6 13.Nd2 Qxc3 14.Ne4 Qe5 15.f4 Qd4+
16.Qxd4 cxd4 17.dxe6 Nc6 18.Nd6 fxe6 19.Nxb7 Kf7 20.Nd6+ Ke7 21.Nb5 e5 22.Nc7 Rac8
23.Nd5+ Kd6 24.Rac1 Rce8 25.Rfd1 e4 26.Nb4 d3 27.Nxc6 dxc6 28.exd3  1-0

[Event "Bundesliga 2012-13"]
[Site "Solingen GER"]
[Date "2013.03.16"]
[Round "11"]
[White "L'Ami,E"]
[Black "Meins,G"]
[Result "1/2-1/2"]
[WhiteElo "2631"]
[BlackElo "2473"]

1.d4 Nf6 2.c4 e6 3.Nf3 Bb4+ 4.Nc3 O-O 5.Bg5 c5 6.Rc1 cxd4 7.Nxd4 d5 8.e3 dxc4
9.Bxc4 Bxc3+ 10.Rxc3 e5 11.Bxf6 Qxf6 12.Nb5 Na6 13.O-O Be6 14.Bxe6 Qxe6 15.Qa4 Qe7
16.Rfc1 Qb4 17.Qb3 Rfd8 18.g3 g6 19.Rc4 Qxb3 20.axb3 Rd2 21.R1c2 Rad8 22.Nxa7 Rxc2
23.Rxc2 Rd3 24.Nb5 Rxb3 25.Nd6 Kf8 26.Nc4 Nb4 27.Rd2 Rd3 28.Kf1 b5 29.Rxd3 Nxd3
30.Nd6 Nxb2 31.Nxb5 Ke7 32.Ke2 e4 33.Nc3 f5 34.h4 Nc4 35.Nd5+ Ke6 36.Nc3 Ne5
37.Nb5 Ng4 38.Nd4+ Kf6 39.Nc6 h6 40.Nd4 g5 41.hxg5+  1/2-1/2

[Event "Bundesliga 2012-13"]
[Site "Muelheim GER"]
[Date "2013.03.17"]
[Round "12"]
[White "Michalik,P"]
[Black "Kryvoruchko,Y"]
[Result "1/2-1/2"]
[WhiteElo "2508"]
[BlackElo "2679"]

1.d4 Nf6 2.c4 e6 3.Nc3 Bb4 4.Nf3 b6 5.e3 Bb7 6.Bd3 O-O 7.O-O d5 8.cxd5 exd5
9.a3 Bd6 10.b4 Nbd7 11.Qb3 a6 12.a4 Qe7 13.Rb1 Rfe8 14.b5 axb5 15.Nxb5 Ne4
16.Nxd6 Qxd6 17.Ba3 c5 18.dxc5 Nexc5 19.Bxc5 Nxc5 20.Qxb6 Qxb6 21.Rxb6 Nxd3
22.Rxb7 Rxa4 23.h3 h6 24.Rd1 Ne5 25.Nd4 Rea8 26.Nb3 Rd8 27.Rb5 Ra3 28.Nd4 g6
29.Nb3 Nc4 30.Nc5 Ra2 31.Ne4 Rc2 32.Rbxd5 Rxd5 33.Rxd5 f5 34.Ng3 Kf7 35.Nf1 Ke6
36.Rd4 Nd6 37.Nd2 Nb5 38.Rd3 Rc1+ 39.Kh2 Rc2 40.g4 Nc3 41.Kg2 Ke7 42.Kf3 Ne4
43.Nxe4 fxe4+ 44.Kxe4 Rxf2 45.Ke5 Rf3 46.Ra3 h5 47.Ra7+ Kf8 48.gxh5  1/2-1/2

[Event "3rd HD Bank Cup 2013"]
[Site "Ho Chi Minh City VIE"]
[Date "2013.03.21"]
[Round "5.4"]
[White "Nguyen Huynh Minh Huy"]
[Black "Zhou Weiqi"]
[Result "1/2-1/2"]
[WhiteElo "2460"]
[BlackElo "2590"]

1.d4 Nf6 2.c4 e6 3.Nc3 Bb4 4.Nf3 b6 5.g3 Bb7 6.Bg2 O-O 7.O-O Bxc3 8.bxc3 Be4
9.Bh3 Bxf3 10.exf3 Nc6 11.Re1 Na5 12.Bf1 Re8 13.Qa4 d6 14.c5 d5 15.Rb1 c6
16.Bg5 Qc7 17.Bf4 Qd8 18.Bg5 Qc7 19.Bf4 Qd8  1/2-1/2

[Event "ch-Moscow 2013"]
[Site "Moscow RUS"]
[Date "2013.03.22"]
[Round "1.7"]
[White "Paravyan,D"]
[Black "Mozharov,M"]
[Result "1-0"]
[WhiteElo "2330"]
[BlackElo "2523"]

1.d4 Nf6 2.c4 e6 3.Nc3 Bb4 4.Nf3 c5 5.g3 Bxc3+ 6.bxc3 Qa5 7.Bd2 b6 8.Bg2 Bb7
9.O-O O-O 10.d5 Qa6 11.Bf4 Qxc4 12.Ne5 Qa6 13.e4 Ne8 14.Nxd7 Nxd7 15.dxe6 Nef6
16.exd7 Rad8 17.Bh3 Nxe4 18.Re1 Qb5 19.Qb3 Qc6 20.Bg2 c4 21.Bxe4 cxb3 22.Bxc6 Bxc6
23.Bd6 bxa2 24.Bxf8 Kxf8 25.Re8+ Rxe8 26.dxe8=Q+ Kxe8 27.Rxa2 a5 28.Rd2 b5
29.Rd1 Be4 30.Ra1 a4 31.c4 bxc4 32.Rxa4 Bd3 33.Ra3 h5 34.f3 g6 35.Kf2 Ke7
36.Ke3 Kf6 37.Ra6+ Kg7 38.Rc6 Bf1 39.f4 Bd3 40.Kd4 Be2 41.Ke5 Bd3 42.Rc7 Bf5
43.Rxc4 Bh3 44.Rc6 Bd7 45.Rf6 Bh3  1-0

[Event "TCh-CZE Extraliga 2012-13"]
[Site "Czech Republic CZE"]
[Date "2013.03.24"]
[Round "8.1"]
[White "Michalik,P"]
[Black "Navara,D"]
[Result "0-1"]
[WhiteElo "2508"]
[BlackElo "2710"]

1.d4 Nf6 2.c4 e6 3.Nc3 Bb4 4.Nf3 b6 5.e3 Bb7 6.Bd3 O-O 7.O-O d5 8.cxd5 exd5
9.a3 Bd6 10.b4 a6 11.Qb3 Qe7 12.Rb1 Nbd7 13.a4 Rfe8 14.h3 c6 15.a5 b5 16.Nd2 Rad8
17.e4 dxe4 18.Ndxe4 c5 19.dxc5 Bxc5 20.Bg5 Bd4 21.Rfe1 Kh8 22.Ne2 Ba7 23.Nf4 Bxe4
24.Rxe4 Bxf2+ 25.Kf1 Ne5 26.Re2 Ba7 27.Bc2 Nc4 28.Ng6+ fxg6 29.Rxe7 Rxe7
30.g4 Nd2+  0-1

[Event "TCh-CZE Extraliga 2012-13"]
[Site "Czech Republic CZE"]
[Date "2013.03.24"]
[Round "8.4"]
[White "Hracek,Z"]
[Black "Kuchynka,Luk"]
[Result "1/2-1/2"]
[WhiteElo "2615"]
[BlackElo "2310"]

1.c4 Nf6 2.d4 e6 3.Nc3 Bb4 4.Nf3 b6 5.Qc2 Bb7 6.a3 Bxc3+ 7.Qxc3 d6 8.b4 Nbd7
9.e3 Qe7 10.Be2 O-O 11.O-O c5 12.Bb2 Rfd8 13.Rfd1 Rac8 14.dxc5 dxc5 15.b5 Ne8
16.a4 a5 17.bxa6 Bxa6 18.Nd2 Bb7 19.Nb3 Nb8 20.a5 Rxd1+ 21.Rxd1 Qc7 22.Ba3 Na6
23.f3 Bc6 24.Bd3 Ba4 25.axb6 Qxb6 26.Rb1 Nb4 27.Nxc5 Qxc5 28.Rxb4 Qxe3+ 29.Kf1 Qa7
30.Bb2 Bc6 31.c5 f6 32.Rb6 Qd7 33.Qd4 Nc7 34.Qxd7 Bxd7 35.Kf2 Kf7 36.Be4 Nd5
37.Rb7 Ke8 38.Bd4 h6 39.g4 Ne7 40.h4 Nc6 41.Be3 g5 42.h5 Na5 43.Ra7 Nc6 44.Rb7 Na5
45.Ra7 Nc6 46.Ra3 Ke7 47.f4 Rb8 48.fxg5 fxg5 49.Kg3 Rb4 50.Bf3 e5 51.Bxc6 Bxc6
52.Ra7+ Rb7 53.Ra6 Kd7 54.Rb6 Ra7 55.Rb3 Ke6 56.Rb6 Kd5 57.Rb4  1/2-1/2

[Event "17th Neckar Open"]
[Site "Deizisau GER"]
[Date "2013.03.28"]
[Round "1.11"]
[White "Sanikidze,T"]
[Black "Simon,Rol"]
[Result "1-0"]
[WhiteElo "2559"]
[BlackElo "2109"]

1.d4 e6 2.c4 Nf6 3.Nf3 Bb4+ 4.Nc3 c5 5.e3 O-O 6.Bd3 b6 7.O-O Bxc3 8.bxc3 Bb7
9.Qc2 cxd4 10.cxd4 d5 11.Ba3 Re8 12.Ng5 g6 13.Qe2 Nc6 14.f4 Rc8 15.cxd5 exd5
16.f5 Ne4 17.fxg6 hxg6 18.Nxf7 Qh4 19.Rf4 Qxf4 20.exf4 Kxf7 21.Qg4 Rc7 22.f5 Rg8
23.fxg6+ Rxg6 24.Qf4+  1-0

[Event "IX Lubuska Wiosna Op"]
[Site "Gorzow POL"]
[Date "2013.03.28"]
[Round "4"]
[White "Balinski,D"]
[Black "Dmochowska,A"]
[Result "1/2-1/2"]
[WhiteElo "2155"]
[BlackElo "1798"]

1.d4 Nf6 2.c4 e6 3.Nc3 Bb4 4.Nf3 c5 5.e3 O-O 6.Bd3 d5 7.O-O Nc6 8.a3 Bxc3
9.bxc3 b6 10.Ne5 Ne7 11.a4 Ba6 12.Ba3 Rc8 13.cxd5 Bxd3 14.Nxd3 Nfxd5 15.Qd2 cxd4
16.cxd4 Re8 17.Rfc1 Nc6 18.Rc2 Qd7 19.Rac1 Na5 20.Ne5 Qb7 21.Qd3 f6 22.Nc4 Nxc4
23.Rxc4 a6 24.g3 Rxc4 25.Qxc4 b5 26.Qb3 Rb8 27.e4 b4 28.exd5 bxa3 29.Qxb7 Rxb7
30.dxe6 Kf8 31.Kg2 Ke7 32.Rc3 a2 33.Ra3 Rb2 34.d5 a5 35.Kf3 Rb3+ 36.Rxb3 a1=Q
37.Rb7+ Kd6 38.Rd7+ Kc5 39.e7 Qh1+ 40.Ke2 Qe4+ 41.Kf1 Qh1+ 42.Ke2 Qe4+ 43.Kf1 Qh1+
44.Ke2  1/2-1/2

[Event "7th Philadelphia Open"]
[Site "Philadelphia USA"]
[Date "2013.03.28"]
[Round "2"]
[White "Mulyar,M"]
[Black "Margvelashvili,G"]
[Result "1/2-1/2"]
[WhiteElo "2382"]
[BlackElo "2565"]

1.d4 Nf6 2.c4 e6 3.Nf3 Bb4+ 4.Nc3 b6 5.g3 Bxc3+ 6.bxc3 Bb7 7.Bg2 d6 8.O-O Nbd7
9.d5 Nc5 10.Nd4 e5 11.Nf5 O-O 12.e4 Bc8 13.Qe2 Bxf5 14.exf5 Qc8 15.g4 e4
16.Be3 Re8 17.Bxc5 bxc5 18.g5 Nd7 19.Bxe4 Nb6 20.Rae1 Qa6 21.Qh5 Qxc4 22.f3 Nd7
23.f6 Nf8 24.fxg7 Kxg7 25.Qh6+ Kg8 26.Re3 Re5 27.Rfe1 Rae8  1/2-1/2

[Event "e2e4 Dublin Masters"]
[Site "Dublin IRL"]
[Date "2013.03.29"]
[Round "2"]
[White "Quinn,C"]
[Black "Courtney,John"]
[Result "1-0"]
[WhiteElo "2092"]
[BlackElo "2005"]

1.d4 Nf6 2.c4 e6 3.Nf3 Bb4+ 4.Nc3 c5 5.g3 O-O 6.Bg2 cxd4 7.Nxd4 d5 8.O-O dxc4
9.Bg5 Nbd7 10.Qa4 Bxc3 11.bxc3 Nb6 12.Qa3 h6 13.Bf4 Nfd5 14.Bd6 Re8 15.Bc5 Bd7
16.e4 e5 17.exd5 exd4 18.Bxd4 Bf5 19.d6 Qd7 20.Rfe1 Rxe1+ 21.Rxe1 Nc8 22.Bc5 Rb8
23.Qc1 Bd3 24.Qf4 b5 25.Qe5 Nb6 26.Qe7 Bf5 27.Qe5 Kf8 28.Bc6 Qxc6 29.d7+  1-0

[Event "6th Montalvo Open"]
[Site "Las Palmas ESP"]
[Date "2013.03.29"]
[Round "7.34"]
[White "Aleman Alamo,N"]
[Black "Sanabria Taskila,Daniel Kristia"]
[Result "0-1"]
[WhiteElo "1558"]
[BlackElo "1410"]

1.d4 Nf6 2.Nf3 e6 3.c4 Bb4+ 4.Nc3 c5 5.dxc5 Bxc3+ 6.bxc3 Nc6 7.Bg5 h6 8.Bh4 O-O
9.e3 Qe7 10.Bg3 Ne4 11.Bd6 Nxd6 12.cxd6 Qf6 13.Rc1 b6 14.Be2 Bb7 15.O-O e5
16.h3 Rfe8 17.Qd2 Rac8 18.Nh2 Qg6 19.Rb1 Na5 20.f3 Nxc4 21.Bxc4 Rxc4 22.Rb4 Rec8
23.Rxc4 Rxc4 24.e4 h5 25.Rd1 Qg3 26.Nf1 Qf4 27.Ne3 Ra4 28.Re1 b5 29.Qb2 a6
30.a3 Bc6 31.Nf5 Kf8 32.Ne7 Rc4 33.Nf5 Ra4 34.Ne3 g6 35.c4 Kg7 36.Qc3 Qf6
37.Rd1 Qe6 38.c5 f6 39.Rb1 Qa2 40.Rb3 Rd4 41.Kh2 Qd2 42.Qxd2 Rxd2 43.Rc3 Kf7
44.Nc2 a5 45.Ne3 Ke6 46.h4 Kf7 47.Kh3 Rf2 48.Kg3 Re2 49.Kh3 Rf2 50.Nd5 Rf1
51.Kh2 Rd1 52.Ne7 Rd2 53.Kg3 Rd4 54.Nxc6 dxc6 55.Kh3 Ke6 56.Kg3 Rc4 57.Rd3 Kd7
58.Kh3 Rxc5 59.g4 b4 60.axb4 axb4 61.Rb3 Rb5 62.Kg3 c5 63.f4 c4 64.Rb1 Kxd6
65.g5 fxg5 66.hxg5 exf4+ 67.Kxf4 Ke6 68.Rd1 b3  0-1

[Event "6th Montalvo Open"]
[Site "Las Palmas ESP"]
[Date "2013.03.30"]
[Round "8.5"]
[White "Rodriguez Ferraz,B"]
[Black "Barlov,D"]
[Result "0-1"]
[WhiteElo "2196"]
[BlackElo "2454"]

1.d4 Nf6 2.c4 e6 3.Nc3 Bb4 4.Nf3 c5 5.e3 d5 6.Bd2 O-O 7.Rc1 cxd4 8.Nxd4 e5
9.Nc2 Bxc3 10.Bxc3 Nc6 11.Nb4 Nxb4 12.Bxb4 Re8 13.Be2 Qb6 14.Bc3 dxc4 15.Bxc4 Be6
16.Bxe6 Qxe6 17.Qa4 a6 18.O-O Rac8 19.b3 Rc6 20.Bb2 Rec8 21.Rxc6 Rxc6 22.Qa5 b5
23.Qd8+ Ne8 24.Qb8 f6 25.Rd1 Kf7 26.Qb7+ Kg6 27.h4 Qc8 28.Qxc8 Rxc8 29.Rd2 Kf7
30.Ba3 Ke6 31.Bb4 f5 32.f3 Rc6 33.Kf2 Nf6 34.Ba5 g6 35.g3 Rc1 36.Ke2 e4 37.f4 Nd5
38.Rd4 Rc2+ 39.Rd2 Rc1 40.Rd4 Ra1 41.a4 Ra3 42.Bd2 Rxb3 43.axb5 axb5 44.g4 fxg4  0-1

[Event "17th Neckar Open"]
[Site "Deizisau GER"]
[Date "2013.03.31"]
[Round "6.5"]
[White "Nisipeanu,LD"]
[Black "Burg,T"]
[Result "1-0"]
[WhiteElo "2677"]
[BlackElo "2478"]

1.d4 Nf6 2.c4 e6 3.Nc3 Bb4 4.Nf3 Nc6 5.g3 O-O 6.Bg2 d6 7.O-O Bxc3 8.bxc3 Bd7
9.Bg5 h6 10.Bh4 g5 11.Nxg5 hxg5 12.Bxg5 Kg7 13.e4 Ne7 14.Bxf6+ Kxf6 15.f4 Nc6
16.d5 Na5 17.Qh5 Kg7 18.dxe6 Bxe6 19.f5 Nxc4 20.f6+ Qxf6 21.Rxf6 Kxf6 22.Qh4+ Kg6
23.Rf1 f6 24.Bh3 Bxh3 25.Qxh3 Ne5 26.Kg2 Kg7 27.Qf5 Rae8 28.Rf4 b6 29.Kf1 a5
30.Ke2 Rf7 31.Rh4 Rh8 32.Rxh8 Kxh8 33.Qc8+ Kg7 34.h4 Re7 35.h5 Nf7 36.Qf5 Ne5
37.g4 Rf7 38.Qe6 Kh7 39.Qf5+ Kg7 40.a4 Re7 41.g5 fxg5 42.Qxg5+ Kf8 43.h6 Nf7
44.Qg7+ Ke8 45.Qg8+ Kd7 46.h7 Rxe4+ 47.Kf3 Re7 48.Kf4 Ke6 49.h8=Q  1-0

[Event "1st Hofheim Open"]
[Site "Hofheim GER"]
[Date "2013.04.02"]
[Round "1.24"]
[White "Foerster,Erik"]
[Black "Jacobi,R"]
[Result "0-1"]
[WhiteElo "1998"]
[BlackElo "2184"]

1.d4 Nf6 2.c4 e6 3.Nc3 Bb4 4.Nf3 Ne4 5.Qd3 f5 6.g3 b6 7.Bg2 Bb7 8.O-O O-O
9.Ng5 Nd6 10.d5 e5 11.a3 e4 12.Qc2 Bc5 13.b3 a5 14.h4 Qe7 15.Bb2 c6 16.Na4 cxd5
17.Nxc5 bxc5 18.cxd5 Na6 19.Rfd1 Rfc8 20.Nh3 c4 21.Nf4 c3 22.Bc1 Nc5 23.Qxc3 a4
24.bxa4 Rxa4 25.Bb2 Nc4 26.Bh3 e3 27.f3 Nxb2 28.Qxb2 Rxf4 29.d6 Qd8 30.gxf4 Qxh4
31.Bxf5 Qf2+ 32.Kh1 Bxf3+  0-1

[Event "Sydney International Open 2013"]
[Site "Sydney AUS"]
[Date "2013.04.04"]
[Round "3.4"]
[White "Stocek,J"]
[Black "Johansen,D"]
[Result "1/2-1/2"]
[WhiteElo "2544"]
[BlackElo "2430"]

1.d4 e6 2.c4 Nf6 3.Nc3 Bb4 4.Nf3 b6 5.Qc2 Bb7 6.Bg5 h6 7.Bh4 g5 8.Bg3 Ne4
9.e3 d6 10.Bd3 Bxc3+ 11.bxc3 f5 12.c5 bxc5 13.O-O Nd7 14.Nd2 Nxd2 15.Qxd2 O-O
16.f3 Qe7 17.Bb5  1/2-1/2

[Event "87th ch-ARG 2013"]
[Site "Villa Martelli ARG"]
[Date "2013.04.04"]
[Round "2.2"]
[White "Valerga,D"]
[Black "Mahia,G"]
[Result "1-0"]
[WhiteElo "2502"]
[BlackElo "2371"]

1.d4 Nf6 2.c4 e6 3.Nc3 Bb4 4.Nf3 O-O 5.Bg5 h6 6.Bh4 c5 7.d5 b5 8.e4 g5 9.Nxg5 Nxe4
10.Nxe4 Qxh4 11.Qf3 f5 12.Nd6 bxc4 13.dxe6 Nc6 14.Bxc4 Kh7 15.O-O Rb8 16.Nxc8 Ne5
17.Qe2 Nxc4 18.exd7 Ba5 19.g3 Qg4 20.Qe7+ Qg7 21.Qxg7+ Kxg7 22.Na4 Bb6 23.Rad1 Rd8
24.Ne7 Rb7 25.Nxf5+ Kf6 26.Nxh6 Rbxd7 27.Ng4+ Kf5 28.Ne3+ Nxe3 29.fxe3+ Ke4
30.Rxd7 Rxd7 31.Kg2 Kxe3 32.Rf3+ Ke4 33.h4 c4 34.Nxb6 axb6 35.g4 b5 36.a3  1-0

[Event "Bundesliga 2012-13"]
[Site "Schwetzingen GER"]
[Date "2013.04.05"]
[Round "13"]
[White "L'Ami,E"]
[Black "Hirneise,T"]
[Result "1-0"]
[WhiteElo "2631"]
[BlackElo "2448"]

1.d4 Nf6 2.c4 e6 3.Nf3 Bb4+ 4.Nc3 b6 5.e3 Ne4 6.Qc2 Bb7 7.Bd3 f5 8.O-O Bxc3
9.bxc3 O-O 10.Nd2 Qh4 11.f3 Nxd2 12.Bxd2 Nc6 13.Be1 Qg5 14.e4 fxe4 15.Bxe4 h6
16.Bg3 Rac8 17.Rae1 Na5 18.Bh7+ Kh8 19.Re5 Qe7 20.Bd3 Qf7 21.Rfe1 Nc6 22.Bg6 Qf6
23.Rh5 Kg8 24.Bh4 Qf4 25.Re4  1-0

[Event "TCh-NED Meesterklasse 2012-13"]
[Site "Netherland NED"]
[Date "2013.04.06"]
[Round "8.2"]
[White "Beukema,S"]
[Black "Tjiam,D"]
[Result "1-0"]
[WhiteElo "2278"]
[BlackElo "2386"]

1.d4 Nf6 2.c4 e6 3.Nc3 Bb4 4.Nf3 b6 5.e3 Bb7 6.Bd3 c5 7.O-O O-O 8.Bd2 d5
9.cxd5 exd5 10.dxc5 Bxc5 11.Ne2 Ne4 12.Nfd4 Nd7 13.f3 Nxd2 14.Qxd2 Ne5 15.b3 Nxd3
16.Qxd3 Re8 17.Nf4 a5 18.Rfd1 Re5 19.Kh1 Qf6 20.Nc2 Rae8 21.Re1 Bxe3 22.Nh5 Qg6
23.Rxe3 Rxe3 24.Qxg6 hxg6 25.Nxe3 Rxe3 26.Ng3 Rc3 27.Kg1 Kf8 28.Re1 Ba6 29.Rd1 Rc2
30.Rxd5 Ke7 31.Ne4 f5 32.Re5+ Kd7 33.Ng5 Bc8 34.Ne6 Ke7 35.Nf4+ Kd6 36.Re8 g5
37.Ng6 f4 38.Rg8 Ba6 39.h4 gxh4 40.Nxf4 Rxa2 41.Rxg7 Bc8 42.Rg6+ Ke5 43.Nh5 h3
44.gxh3 Bxh3 45.Rxb6 Bd7 46.Kf1  1-0

[Event "Bundesliga 2012-13"]
[Site "Schwetzingen GER"]
[Date "2013.04.06"]
[Round "14"]
[White "Naumann,Al"]
[Black "Feygin,M"]
[Result "1/2-1/2"]
[WhiteElo "2535"]
[BlackElo "2538"]

1.d4 e6 2.c4 Nf6 3.Nc3 Bb4 4.Nf3 c5 5.g3 b6 6.Bg2 Bb7 7.O-O O-O 8.d5 Bxc3
9.bxc3 d6 10.Nh4 e5 11.e4 Bc8 12.Qd3 a6 13.a4 Ra7 14.h3 Ne8 15.Nf5 Rb7 16.Ne3 g6
17.Kh2 Re7 18.Bd2 Ng7 19.Ng4 Bxg4 20.hxg4 f6 21.f4 Nd7 22.Rae1 Ref7 23.f5 g5
24.Bf3 Ne8 25.Ra1  1/2-1/2

[Event "TCh-CRO II Liga 2013"]
[Site "Split CRO"]
[Date "2013.04.06"]
[Round "2.1"]
[White "Saric,Ib"]
[Black "Dumpor,A"]
[Result "1-0"]
[WhiteElo "2566"]
[BlackElo "2357"]

1.d4 Nf6 2.c4 e6 3.Nc3 Bb4 4.Nf3 O-O 5.Bg5 c5 6.Rc1 d6 7.e3 Nc6 8.Be2 h6
9.Bh4 g5 10.Bg3 Ne4 11.Bd3 f5 12.Bxe4 fxe4 13.Nd2 cxd4 14.exd4 d5 15.h4 Nxd4
16.Qh5 Qf6 17.hxg5 Qxg5 18.Qxg5+ hxg5 19.cxd5 exd5 20.Nxd5 Bxd2+ 21.Kxd2 Rd8
22.Ne7+ Kf7 23.Rh7+ Kf6 24.Ke3 Nf5+ 25.Nxf5 Kxf5 26.Rf7+ Kg6 27.Rcc7 Bf5
28.Be5 Rd3+ 29.Ke2 Re8 30.Rf6+ Kh5 31.Rxf5 Kg4 32.Rcf7 Rd5 33.f3+ exf3+ 34.gxf3+ Kh5
35.f4  1-0